University Home | Library Home | Institutional Repository

Copper and peroxides in radiobiology and medicine. (Record no. 40887)

MARC details
000 -LEADER
fixed length control field 00783cam3a220025300 4500
001 - CONTROL NUMBER
control field lce00569694
008 - FIXED-LENGTH DATA ELEMENTS--GENERAL INFORMATION
fixed length control field 860106s1964 ilua b 000 0 eng
010 ## - LIBRARY OF CONGRESS CONTROL NUMBER
LC control number 64011667 //r86
035 ## - SYSTEM CONTROL NUMBER
System control number (Sirsi) r65775
035 ## - SYSTEM CONTROL NUMBER
System control number (DLC) 64011667 //r86
035 ## - SYSTEM CONTROL NUMBER
System control number (UPRA)lce00569694
040 ## - CATALOGING SOURCE
Original cataloging agency DLC/ICU
Transcribing agency ICU
Modifying agency UPRA
050 0# - LIBRARY OF CONGRESS CALL NUMBER
Classification number QP535.C9
Item number S34
082 0# - DEWEY DECIMAL CLASSIFICATION NUMBER
Classification number 591.13
100 1# - MAIN ENTRY--PERSONAL NAME
Personal name Schubert, Jack.
Linkage A26007.1
245 10 - TITLE STATEMENT
Title Copper and peroxides in radiobiology and medicine.
260 ## - PUBLICATION, DISTRIBUTION, ETC.
Place of publication, distribution, etc. Springfield, IL :
Name of publisher, distributor, etc. C.C. Thomas,
Date of publication, distribution, etc. [1964]
504 ## - BIBLIOGRAPHY, ETC. NOTE
Bibliography, etc. note Bibliography: p. 190-204.
650 #0 - SUBJECT ADDED ENTRY--TOPICAL TERM
Topical term or geographic name entry element Copper in the body.
Linkage S18762.1
650 #0 - SUBJECT ADDED ENTRY--TOPICAL TERM
Topical term or geographic name entry element Radiation-protective agents.
Linkage S18763.1
650 #0 - SUBJECT ADDED ENTRY--TOPICAL TERM
Topical term or geographic name entry element Peroxides.
Linkage S18764.1
949 ## - LOCAL PROCESSING INFORMATION (OCLC)
a QP535.C9
w LC
i -87904
m MEDICAL
t BOOK
l ON-SHELF
Holdings
Withdrawn status Lost status Source of classification or shelving scheme Damaged status Not for loan Home library Current library Shelving location Total Checkouts Full call number Barcode Date last seen Copy number Price effective from Koha item type
    Library of Congress Classification     Medical Library Medical Library On Shelf   QP535.C9 -87904 08/13/2019 1 08/13/2019 Book
© 2026 - The University of Zambia Library - Koha v25.11